| 000 | 00537nam a2200145Ia 4500 | ||
|---|---|---|---|
| 008 | 100122s9999 xx 000 0 und d | ||
| 082 |
_b5492 _a821.09 |
||
| 100 | _aमायदेव वा गो | ||
| 245 | _aसावरकर काव्य समालोचन ( क.क्र.26/4 ) | ||
| 260 | _c1924 | ||
| 300 | _a60 | ||
| 630 | _aसावरकर काव्य समालोचन ( क.क्र.26/4 ) | ||
| 730 | _aसावरकर काव्य समालोचन ( क.क्र.26/4 ) | ||
| 942 | _cBOOK | ||
| 999 |
_c398751 _d398748 |
||